000 01187cam a2200313 4500
008 090401t1997 xxu||||| |||| 00| 0 eng d
020 _a1898671125
035 _a(Sirsi) u79331
041 _aeng
050 _a338.4369
110 _aConstruction Industry Council
_92417
245 _aSurvey of UK construction professional services. Part 2: Survey methodology.
260 _aLondon
_bConstruction Industry Council
_c1997
300 _aca.100p. ; 30cm.
350 _a40
520 _aThe survey, sponsored by the CIC and the Department of the Environment, sets out to assess the size of the UK market for construction professional services. The research was carried out by Davis Langdon Consultancy and Construction Forecasting & Research.
650 _aCONSTRUCTION INDUSTRY
650 _aCONSTRUCTION PROFESSIONAL SERVICES
650 _aCONSTRUCTION PROFESSIONALS
650 _aFEE INCOME
650 _aMARKET SURVEYS
650 _aPROFESSIONAL SERVICES
650 _aSTATISTICS
690 _aBUILT ENVIRONMENT
710 _aDavis Langdon Consultancy
_91686
710 _aConstruction Forecasting and Research Ltd.
_91829
942 _n0
948 _c01/07/1997
999 _c96531
_d96531